All 1M+ cities in West Africa - Statistics

General Stats
  • This quiz has been taken 279 times
  • The average score is 20 of 30
Answers on the Map
Answers color-coded by a green-red scale on the quiz's map according to % correct below.
 
Answer Stats
Country Population City % Correct
Senegal 3.92 mil Dakar
96%
Nigeria 20.10 mil Lagos
95%
Mali 3.67 mil Bamako
90%
Nigeria 3.72 mil Abuja
89%
Ghana 5.20 mil Accra
89%
Sierra Leone 1.86 mil Freetown
89%
Liberia 1.65 mil Monrovia
88%
Niger 1.35 mil Niamey
87%
Mauritania 1.31 mil Nouakchott
87%
Guinea 2.60 mil Conakry
86%
Burkina Faso 2.65 mil Ouagadougou
84%
Ivory Coast 5.75 mil Abidjan
83%
Togo 2.17 mil Lomé
83%
Nigeria 4.85 mil Kano
82%
Gambia 1.01 mil Banjul
80%
Nigeria 3.67 mil Ibadan
76%
Nigeria 1.70 mil Benin City
72%
Nigeria 2.42 mil Port Harcourt
70%
Ghana 3.07 mil Kumasi
68%
Benin 1.89 mil Cotonou
67%
Nigeria 1.64 mil Kaduna
46%
Nigeria 1.18 mil Aba
43%
Senegal 1.11 mil Touba
42%
Nigeria 1.05 mil Jos
41%
Nigeria 1.25 mil Maiduguri
39%
Nigeria 1.24 mil Onitsha
39%
Nigeria 1.03 mil Enugu
33%
Nigeria 1.12 mil Ilorin
30%
Nigeria 1.03 mil Zaria
30%
Nigeria 1.03 mil Warri
27%
No matching quizzes found
Score Distribution
Percent of People with Each Score
Percentile by Number Answered
Your Score History
You have not taken this quiz